00000000cam 2200000zi 4500
0019.956872
003CaOODSP
00520251208153532
006m     o  d f      
007cr |n|||||||||
008251029e202511  bccabd  ob   f000 0 fre d
020 |a9780660795416
040 |aCaOODSP|bfre|erda|cCaOODSP
043 |an-cn-bc
0861 |aFs70-6/2025-056F-PDF
24500|aExamen de la définition des stocks et du plan du relevé au chalut sur la crevette pour la surveillance des stocks en Colombie-Britannique.
24637|aDéfinition des stocks et plan du relevé au chalut sur la crevette en Colombie-Britannique
264 1|aNanaimo (C.-B.) : |bSecrétariat canadien de consultation scientifique, |cnovembre 2025.
264 4|c©2025
300 |a1 ressource en ligne (18 pages) : |billustration, cartes, graphiques.
336 |atexte|btxt|2rdacontent/fre
337 |ainformatique|bc|2rdamedia/fre
338 |aressource en ligne|bcr|2rdacarrier/fre
4901 |aAvis scientifique, |x1919-5117 ; |v2025/056
500 |aPublié aussi en anglais sous le titre : Review of the stock definition and design of the shrimp trawl survey for stock monitoring in British Columbia.
500 |aTitre de départ.
504 |aComprend des références bibliographiques (page 10).
650 6|aCrevettes|xPêche commerciale|zColombie-Britannique.
650 6|aCrevettes|xPopulations|zColombie-Britannique.
650 6|aChalutage|zColombie-Britannique.
7102 |aSecrétariat canadien de consultation scientifique, |eorganisme de publication.
7101 |aCanada. |bMinistère des pêches et des océans. |bRégion du Pacifique, |eorganisme de publication.
77508|tReview of the stock definition and design of the shrimp trawl survey for stock monitoring in British Columbia.|w(CaOODSP)9.956870
830#0|aAvis scientifique (Secrétariat canadien de consultation scientifique)|v2025/056.|w(CaOODSP)9.502624
85640|qPDF|s1.18 Mo|uhttps://publications.gc.ca/collections/collection_2025/mpo-dfo/fs70-6/Fs70-6-2025-056-fra.pdf